Systèmes du corps humain - Statistiques

Statistiques générales
  • Ce quiz a été pris 2 896 fois
  • Le résultat moyen est 6 sur 11
Statistiques - réponses
Par images Réponse % Correct
Système musculaire
92%
Système respiratoire
89%
Système digestif
82%
Système nerveux
82%
Système reproducteur
78%
Système urinaire
57%
Système squelettique
46%
Système lymphatique
45%
Système cardiovasculaire
38%
Système endocrinien
27%
Système tégumentaire
11%
Aucun quiz correspondant
Distribution des résultats
% des personnes avec chaque résultat
Percentile par nombre de réponses
Votre historique - résultats
Vous n’avez pas pris ce quiz